| 000 | nam a22 a 4500 | ||
|---|---|---|---|
| 999 |
_c88454 _d88454 |
||
| 003 | BLK | ||
| 005 | 20210201115025.0 | ||
| 008 | 180408b bul|||||r ||||||| ||bul|| | ||
| 010 | _aKNG00093119000 | ||
| 040 | _aBLK | ||
| 041 |
_aBUL _cBUL _hENG |
||
| 072 | 7 |
_2bullib _aН33 _xИкономика Н |
|
| 080 |
_aЖизнено равнище _b330.59 _x(497.2) _z330.59(497.2) |
||
| 080 |
_aСтатистика на населението. Демографска статистика. Вж и 314 ; 316 ; 323. 3 ; 325 ; 614. 1 _b312 _x(497.2) _z312(497.2) |
||
| 139 |
_aБългария _bБ 92 |
||
| 245 | 1 | 0 |
_aБългария _bБлагосъстояние на домакинствата по време на рецесията през 2010 г. и периода на възстановяване : Докл. № 63457-BG |
| 245 | 1 | 0 |
_aBulgaria _bHousehold Welfare During the 2010 Recession and Recovery : Report № 63457-BG |
| 257 | _aUSA | ||
| 260 |
_bСветовна банка _c2012 _aСофия |
||
| 300 |
_a80, 71 с. _bс табл., диагр. _c30 см |
||
| 380 | _a3 | ||
| 500 | _aИзд. на Световната банка. Регион Европа и Центр. Азия. Отдел Човешко развитие. - Парал. текст отпеч. от обратната страна на кн. със самостоятелна загл. с. и паг. - Библиогр. с. 79-80. | ||
| 650 | 4 |
_aЖизнено равнище - България _9303179 |
|
| 650 | 4 |
_aБългария - население - социология _9285966 |
|
| 651 | 4 |
_aБългария _9241624 |
|
| 653 | _aжизнено равнище | ||
| 653 | _aрецесии | ||
| 659 | _aН | ||
| 852 | _aЦб ІІ 14993 | ||
| 856 | 4 | _qpdf | |
| 856 | 4 | _qpdf | |
| 942 |
_cKNG _n0 _s1 |
||
| 944 |
_aCR _c30.03.2012 _lф / _kЛюдмила_Стоянова |
||
| 944 |
_aED _c30.08.2013 _lф / |
||
| 999 | _d88454 | ||